000 00316nam a22001457a 4500
008 210429b ||||| |||| 00| 0 eng d
020 _a9780816032358
041 _aeng
080 _a510
082 _a510
100 _a36
101 _aMAT
245 _aModern Mathematicians
_cHarry Henderson
942 _2udc
_cBK
999 _c56954
_d56954